<The> Level of Integration of Bancassurance Products of Financial Groups Erste Group Bank, UniCredit Group and KBC Group in Selected Countries

Zhodnotenie súčasného stavu spolupráce medzi bankami a poisťovňami, ako aj vnútorná integrácia produktov bankopoistenia vo finančných skupinách Erste Group Bank, UniCredit Group a KBC Group. Cieľom určenie, či existuje podobnosť v integrovaných finančných produktoch patriacich rôznym finančným skupi...

Descrizione completa

Salvato in:
Dettagli Bibliografici
Autore principale: Přečková, Lenka
Altri autori: Vávrová, Eva
Natura: Capitolo di libro
Lingua:inglese
Soggetti:
Tags: Aggiungi Tag
Nessun Tag, puoi essere il primo ad aggiungerne!!

MARC

LEADER 00000nla a2200000 4500
001 0242479
005 20240416111049.2
041 0 |a eng 
044 |a CZ 
245 1 0 |a <The> Level of Integration of Bancassurance Products of Financial Groups Erste Group Bank, UniCredit Group and KBC Group in Selected Countries  |c Lenka Přečková, Eva Vávrová 
520 |a Zhodnotenie súčasného stavu spolupráce medzi bankami a poisťovňami, ako aj vnútorná integrácia produktov bankopoistenia vo finančných skupinách Erste Group Bank, UniCredit Group a KBC Group. Cieľom určenie, či existuje podobnosť v integrovaných finančných produktoch patriacich rôznym finančným skupinám vo vybraných krajinách strednej a východnej Európy. Uplatnený kvalitatívny výskumný prístup. 
610 2 0 |a banky 
610 2 0 |a poistenie 
610 2 0 |a analýza kvalitatívna 
610 2 0 |a analýza komparatívna 
610 2 0 |a služby 
610 2 0 |a služby finančné 
610 2 0 |a služby bankové 
610 2 0 |a poisťovníctvo 
610 2 0 |a SVE 
610 2 0 |a stredná Európa 
610 2 0 |a východná Európa 
100 1 |a Přečková, Lenka 
700 1 |a Vávrová, Eva